Το γράμμα της ελπίδας

Αποθηκεύτηκε σε:
Λεπτομέρειες βιβλιογραφικής εγγραφής
Κύριος συγγραφέας: Μπουραντάς, Δημήτρης Κ.
Μορφή: Βιβλίο
Γλώσσα:Greek
Δημοσίευση: Αθήνα : Λιβάνης, 2011.
Σειρά:Πολιτική (Εκδοτικός Οργανισμός Λιβάνη) ; 7
Θέματα:
Ετικέτες: Προσθήκη ετικέτας
Δεν υπάρχουν, Καταχωρήστε ετικέτα πρώτοι!

MARC

LEADER 00000cam a2200000 i 4500
001 1/52030
008 140728s2011 gr | ||| |||| ||gre||
020 |a 9789601424590 
035 |l 10118429 
040 |a GR-MY-UA  |b gre  |e aacr 
041 0 |a gre 
082 7 |a 330.01   |2 (23) 
100 1 |a Μπουραντάς, Δημήτρης Κ. 
245 1 3 |a Το γράμμα της ελπίδας /   |c Δημήτρης Μπουραντάς.  
260 |a Αθήνα :   |b Λιβάνης,   |c 2011.  
300 |a 297 σ. ;   |c 21 εκ.  
490 1 |a (Πολιτική / Εκδοτικός Οργανισμός Λιβάνη ;   |v  7) 
650 0 0 |a Greek essays, Modern. 
650 0 0 |a Economics  |x Adresses, essays, lectures, etc. 
651 0 |a Greece  |x Politics and government  |y 1974- 
830 0 |a Πολιτική (Εκδοτικός Οργανισμός Λιβάνη)  |v  ; 7 
852 |a INST  |b SAMOS  |e 20140728  |h 330.01 ΜΠΟ  |p 005300036521  |q 005300036521  |t BK  |y 0 
901 |a BIBL3-2014-2 
909 |a Σ  |b 184717 
920 |a ΣΥΝΔΡΟΜΗ ΠΕΡΙΟΔΙΚΟΥ ΧΑΡΤΣΙΑΣ  |y Σάμος  |z 2013-07 
970 |a ΓΟΥΒΑΛΑ  |b ΒΑΣΩ  |z 2014/07/28